000 00394nam a22001337a 4500
020 _a0 7156 0958 0
082 _a951 HUC
100 _aHUCKER, Charles O.
245 _aChina's imperial past: an introduction to Chinese history and culture
260 _aLondon
_bGerald Duckworth & Company
_c1975
300 _axiv, 474 p.
_bill.; 24 cm.
500 _aIncludes maps and apendices
942 _cBK
999 _c16757
_d16757